8 mots dans mots : rom (mort subite) - Statistiques

Statistiques générales
  • Ce quiz a été pris 11 fois
  • Le résultat moyen est 5 sur 8
Answers on the Grid
Answers color-coded by a green-red scale on the quiz's grid according to % correct below.
Mat---onialement
Retoucheur-ch---iste
Microcalo---étrique
Radio-interfé---ètre
Inexp---ablement
Mic---iniaturisation
Déc---inaliser
Elect---étallurgiste
T---estriellement
Elect---agnétique
Libraire-imp---eur
Elect---usculaire
Expé---enter
P---ulguer
Oni---ancienne
Non-disc---ination
 
Statistiques - réponses
Réponse % Correct
Retoucheur-ch---iste
90%
Elect---usculaire
70%
Mic---iniaturisation
70%
P---ulguer
70%
Elect---agnétique
60%
Elect---étallurgiste
60%
Oni---ancienne
50%
Radio-interfé---ètre
50%
Aucun quiz correspondant
Distribution des résultats
% des personnes avec chaque résultat
Percentile par nombre de réponses
Votre historique - résultats
Vous n’avez pas pris ce quiz